书目信息 |
| 书名: | Improving communication in the library | |
| 作者: | by Barbara Conroy and Barbara Schindler Jones | |
| 分册号: | ||
| 分册名: | 出版地: | Phoenix, Ariz. : |
|
| 出版社: | Oryx Press | |
| 出版时间: | 1986. | |
| 页数: | viii, 195 p. : | |
| 开本: | 23 cm. | |
| 丛书名: | ||
| 中图分类号: | ||
| 科图分类号: | ||
| 其他分类号: | G251 | |
| 主题词: | ||
| 电子资源: | ||
| 000 | 01098nam 2200337 a 4500 | |
| 001 | E0761175361 | |
| 003 | DLC | |
| 005 | 20070226170142.79 | |
| 008 | 00110 eng | |
| 008 | uu | |
| 010 | @a84042815 //r94 | |
| 020 | @a0897741722. | |
| 040 | @aDLC @cDLC @dDLC | |
| 049 | @aN5LA | |
| 050 | 00 | @aZ678 @b.C745 1986 |
| 082 | 00 | @a025.1 @219 |
| 090 | @a2-88/G251/C75///////820733 | |
| 090 | @aG251 | |
| 096 | @aG251 @v2 | |
| 099 | @dG251@ex21 | |
| 100 | 10 | @aConroy, Barbara. |
| 245 | 10 | @aImproving communication in the library / @cby Barbara Conroy and Barbara Schindler Jones |
| 260 | 0 | @aPhoenix, Ariz. :@bOryx Press,@c1986. |
| 300 | @aviii, 195 p. :@bill. ;@c23 cm. | |
| 500 | @aIncludes index. | |
| 504 | @aBibliography: p. [181]-187. | |
| 650 | 0 | @aCommunication in library administration. |
| 650 | 0 | @aLibrary employees @xPsychology. |
| 650 | 0 | @aLibrary administration @xEmployee participation. |
| 700 | 10 | @aJones, Barbara Schindler, @ejt. auth. @b00 @c20020930 @lNLC09 @h2249 @lNLC09 @h2332 @lNLC09 @h1923 |
| 852 | 9 | @bWWJC @cJ08N @k2-88 @hG251 @iC75 |
| Improving communication in the library / / by Barbara Conroy and Barbara Schindler Jones.-Phoenix, Ariz. : : Oryx Press, , 1986. |
| viii, 195 p. : : ill. ; ; 23 cm. |
| Includes index.-Bibliography: p. [181]-187. |
| ISBN 0897741722. |
| ● |
| 相关链接 |
|
|
|
|
正题名:Improving communication in the library
索取号:G251/x21
 
预约/预借
| 序号 | 登录号 | 条形码 | 馆藏地/架位号 | 状态 | 备注 |
| 1 | 184041 | 001171298 | 第二样本阅览室/ [索取号:G251/x21] | 在馆 | |
| 2 | 184042 | 001171305 | 第四借阅区/ [索取号:G251/x21] | 在馆 |